Länder nach Kinderserien - Statistiken

Allgemein
  • Dieses Quiz wurde 679 mal gespielt
  • Das Durchschnittsergebnis liegt bei 5 aus 16
Antwortstatistiken
Bildquiz Hint Antwort % Korrekt
Die Sendung mit der Maus Deutschland
98%
Spongebob Schwammkopf Vereinigte Staaten
96%
Doraemon Japan
71%
Asterix Frankreich
63%
Thomas und seine Freunde Vereinigtes Königreich
42%
El Chavo Mexiko
28%
Caillou Kanada
23%
Moomins Finnland
13%
Krokodil Gena Sovietunion
12%
Bluey Australien
11%
Miffy und Freunde Niederlande
10%
Pingu Schweiz
8%
Pat & Mat Tschechoslowakei
7%
Bino & Fino Nigeria
5%
Pororo - Der kleine Pinguin Südkorea
5%
Roll No. 21 Indien
3%
Keine übereinstimmenden Quizze gefunden
Verteilung der Resultate
Anzahl Personen mit jedem Resultat
Perzentil nach korrekt beantworteten Fragen
Ihre Resultats-Entwicklung
Sie haben dieses Quiz noch nicht gespielt